• 首页
  • 本馆介绍
  • 公告通知
  • 最新文献
  • 馆藏检索
  • 电子资源
  • 读者导购
  • 参考咨询
  • 我的图书馆
  • 登录
  • 详细信息显示
  • 放入我的书架
  • 预约/预借图书
  • 作者相关作品
  • 分类相关作品
  • 丛书相关作品
  • 出版社相关作品

书目信息

  • 表格格式
  • 工作单格式
  • 卡片格式
题名:
罗斯福与美国对外政策
    
 
作者: 达莱克 著 ;伊伟 译
分册: 下册  
出版信息: 北京   商务印书馆  1984
页数: 457-859页
开本: 21cm
丛书名:
单 册:
中图分类: D871.29
科图分类:
主题词: 外交史--美国 , 对外关系--国际关系史--美国
电子资源:
ISBN:
000 00790nam0 2200265 45
001 0184013574
005 20050630151826.6
010    @dCNY1.60
091    @a3017.344
100    @a19950621d1984 em y0chiy0121 ea
101 1  @achi@ceng
102    @aCN@b110000
105    @ay z 000yd
200 10 @a罗斯福与美国对外政策@Aluo si fu yu mei guo dui wai zheng ce@e1932-1945@h下册@f(美)罗伯特·达莱克著@F(Mei)Luo Bo Te·Da Lai Ke Zhu@g伊伟等译
210    @a北京@c商务印书馆@d1984
215    @a457-859页@d21cm
517    @a1932-1945
606 0  @a外交史@y美国
606 0  @a对外关系@x国际关系史@y美国
690    @aD871.29@v3
701  0 @a达莱克@4著
702  0 @a伊伟@Ayi wei@4译
801  0 @aCN@b上海图书馆@c20040430
801  2 @aCN@bNLC@c20040430
905    @dD871.29@e11:2@f1@b110523
    
    罗斯福与美国对外政策:1932-1945.下册/(美)罗伯特·达莱克著/伊伟等译.-北京:商务印书馆,1984
    457-859页;21cm
    
    
    ISBN :CNY1.60
    
●
相关链接 在E读中查询图书 在五车中查询图书 在当当中查询图书 在豆瓣中查询图书


正题名:罗斯福与美国对外政策     索取号:D871.29/11:2         预约/预借

序号 登录号 条形码 馆藏地/架位号 状态 备注
1 0110521   000378601   第一借阅区/ [索取号:D871.29/11:2] 在馆    
2 0110522   001015966   第一借阅区/ [索取号:D871.29/11:2] 在馆    
3 0110523   001028015   第一样本阅览室/ [索取号:D871.29/11:2] 在馆    
唐山师范学院图书馆 欢迎您!
大连网信软件有限公司© 版权所有